Technology of engineering materials (Record no. 26917)

MARC details
000 -LEADER
fixed length control field 00483nam a22001817a 4500
003 - CONTROL NUMBER IDENTIFIER
control field OSt
005 - DATE AND TIME OF LATEST TRANSACTION
control field 20220113162937.0
008 - FIXED-LENGTH DATA ELEMENTS--GENERAL INFORMATION
fixed length control field 220113b |||||||| |||| 00| 0 eng d
020 ## - INTERNATIONAL STANDARD BOOK NUMBER
International Standard Book Number 0-7506-5643-3
040 ## - CATALOGING SOURCE
Transcribing agency Hawassa University
050 ## - LIBRARY OF CONGRESS CALL NUMBER
Classification number 620.11/PHI
082 ## - DEWEY DECIMAL CLASSIFICATION NUMBER
Classification number 620.11/PHI
100 ## - MAIN ENTRY--PERSONAL NAME
Personal name Phily Mathew
9 (RLIN) 27905
111 ## - MAIN ENTRY--MEETING NAME
Location of meeting New Library
9 (RLIN) 27013
245 ## - TITLE STATEMENT
Title Technology of engineering materials
260 ## - PUBLICATION, DISTRIBUTION, ETC.
Place of publication, distribution, etc. London
Name of publisher, distributor, etc. Butter Worth Heine Man
Date of publication, distribution, etc. 2002
942 ## - ADDED ENTRY ELEMENTS (KOHA)
Source of classification or shelving scheme Dewey Decimal Classification
Koha item type Books like text book referance book
Suppress in OPAC No
Holdings
Withdrawn status Lost status Source of classification or shelving scheme Damaged status Not for loan Home library Current library Date acquired Total Checkouts Full call number Barcode Date last seen Copy number Price effective from Koha item type
    Dewey Decimal Classification     College of Agriculture Library College of Agriculture Library 01/13/2022   620.11/PHI ALIB0013762 01/13/2022 2 01/13/2022 Books like text book referance book
    Dewey Decimal Classification     College of Agriculture Library College of Agriculture Library 01/13/2022   620.11/PHI ALIB0013763 01/13/2022 3 01/13/2022 Books like text book referance book